Catálogo público

Protein supplementation of ammoniated roughages / (Registro nro. 164492)

Detalles MARC
000 -CABECERA
campo de control de longitud fija 00742nam a2200265Ia 4500
001 - NÚMERO DE CONTROL
campo de control Z_1403
003 - IDENTIFICADOR DEL NÚMERO DE CONTROL
campo de control CHAP
008 - DATOS DE LONGITUD FIJA--INFORMACIÓN GENERAL
campo de control de longitud fija 220113s1982 xx 000 0 und d
010 ## - NÚMERO DE CONTROL DE LA BIBLIOTECA DEL CONGRESO
Número de control de LC 164492
040 ## - FUENTE DE LA CATALOGACIÓN
Centro/agencia transcriptor CHAP
090 ## - LOCALMENTE ASIGNADO TIPO-LC NÚMERO DE CLASIFICACIÓN (OCLC); NÚMERO DE CLASIFICACIÓN LOCAL (RLIN)
Número de clasificación (OCLC) (R) ; Numero de clasificación, CALL (RLIN) (NR) Tesis N 693
100 ## - ENTRADA PRINCIPAL--NOMBRE DE PERSONA
Nombre de persona Nelson, Mark Loge
9 (RLIN) 80792
245 ## - MENCIÓN DE TÍTULO
Título Protein supplementation of ammoniated roughages /
Mención de responsabilidad, etc. by Mark Loge Nelson
260 ## - PUBLICACIÓN, DISTRIBUCIÓN, ETC.
Lugar de publicación, distribución, etc. Lincoln, Nebraska :
Nombre del editor, distribuidor, etc. The author,
Fecha de publicación, distribución, etc. 1982
300 ## - DESCRIPCIÓN FÍSICA
Extensión 168 h
502 ## - NOTA DE TESIS
Nota de tesis Thesis (Doctor of Philosophy) -- University of Nebraska. Department of Animal Science
650 ## - PUNTO DE ACCESO ADICIONAL DE MATERIA--TÉRMINO DE MATERIA
Término de materia o nombre geográfico como elemento de entrada Forrajes toscos
9 (RLIN) 42612
650 ## - PUNTO DE ACCESO ADICIONAL DE MATERIA--TÉRMINO DE MATERIA
Término de materia o nombre geográfico como elemento de entrada Proteínas en nutrición animal
9 (RLIN) 92454
901 ## - ELEMENTOS DE DATOS A LOCAL LDA (RLIN)
a TESIS N 693
902 ## - ELEMENTOS DE DATOS B LOCAL, LDB (RLIN)
a M
910 ## - DATOS DE OPCIÓN DEL USUARIO (OCLC)
Datos de opción del usuario 1982
942 ## - ELEMENTOS DE PUNTO DE ACCESO ADICIONAL (KOHA)
Tipo de ítem Koha Tesis_
942 ## - ELEMENTOS DE PUNTO DE ACCESO ADICIONAL (KOHA)
Tipo de ítem Koha Tesis_
Existencias
Estado de retiro Estado de pérdida Fuente del sistema de clasificación o colocación Estado dañado Restricciones de uso No para préstamo Código de colección Localización permanente Ubicación/localización actual Fecha de adquisición Fuente de adquisición Total de préstamos Signatura topográfica completa Código de barras Fecha visto por última vez Número de copia Precio válido a partir de Tipo de ítem Koha
    Clasificación Universidad Autónoma de Chapingo   Préstamo interno   Tesis Zootecnia Zootecnia 09/11/2005 El autor   Tesis N45 693 1982 5101000957 18/01/2022 Ej.1 18/01/2022 Tesis